Country Flags by Upper Half #2 - Statistics

General Stats
  • This quiz has been taken 17 times
  • The average score is 15 of 16
Answer Stats
Picture Answer % Correct
Argentina
100%
Barbados
100%
China
100%
France
100%
Greece
100%
Ireland
100%
Nepal
100%
South Africa
100%
Turkmenistan
100%
Niger
94%
Oman
94%
Palau
94%
Seychelles
94%
Russia
88%
Namibia
81%
Mauritius
56%
No matching quizzes found
Score Distribution
Percent of People with Each Score
Percentile by Number Answered
Your Score History
You have not taken this quiz